000 00713nam a2200253 i 4500
001 000028285
003 DO-SdBNP
005 20250912093755.0
007 ta
008 110407s1992 dr 000 p spa d
040 _aDO-SdBNP
_bspa
_cBNPHU
_erda
041 _aspa
082 _axxxx
_bD542c
_222
100 1 _aGil Díaz, Oscar
_925380
_eautor
_4aut.
245 1 0 _aCanto sutil y estrepitoso /
_cOscar Gil Díaz.
264 1 _aSanto Domingo :
_bImpresora Ángel,
_c1992.
300 _a17 páginas ;
_c22 cm.
336 _atexto
_btxt
_2rdacontent
337 _asin mediación
_bn
_2rdamedia
338 _avolumen
_bnc
_2rdacarrier
590 _aInventariado, 2025/ YL
910 _aYLockward
942 _2ddc
_cLF2
999 _c27777
_d27777